The hollow

Bibliographic Details
Main Author: Roberts, Nora
Format: Book
Published: New York : Jove Books , 2008
Subjects:

MARC

LEADER 00000cam a2200000 7i4500
001 0000024962
005 20090123.0
008 090123
020 |a 0515144598 
090 0 0 |a ROB   |b ENG 
100 1 |a Roberts, Nora 
245 1 4 |a The hollow   |c Nora Roberts 
260 |a New York :   |b Jove Books ,   |c 2008 
650 0 |a English fiction 
999 |a 0001038899   |b Book   |c Adult Collection   |e Perbadanan Perpustakaan Awam Johor